北宋州级行政区(1111年)- 地图版 - Statistics

General Stats
  • This quiz has been taken 118 times
  • The average score is 126 of 328
Answers on the Map
Answers color-coded by a green-red scale on the quiz's map according to % correct below.
 
Answer Stats
% Correct
两浙路 杭州
84%
福建路 福州
84%
广南东路 广州
84%
京东东路 青州
81%
夔州路 开州
81%
淮南东路 扬州
79%
福建路 泉州
79%
两浙路 温州
77%
淮南东路 泰州
77%
京畿路 开封府
76%
京东西路 徐州
76%
两浙路 台州
76%
江南东路 江州
76%
广南东路 惠州
76%
两浙路 苏州
74%
两浙路 常州
74%
秦凤路 河州
73%
两浙路 湖州
73%
淮南西路 黄州
73%
福建路 漳州
73%
京东东路 莱州
71%
永兴军路 宁州
71%
淮南东路 海州
71%
广南西路 贺州
71%
京东西路 济州
69%
荆湖北路 安州
69%
两浙路 衢州
68%
淮南东路 宿州
68%
京西南路 襄州
66%
秦凤路 成州
66%
秦凤路 秦州
66%
两浙路 越州
66%
两浙路 明州
66%
京东西路 兖州
65%
河北东路 德州
65%
河北东路 沧州
65%
河北西路 定州
65%
淮南西路 庐州
65%
荆湖南路 永州
65%
广南东路 潮州
65%
广南西路 桂州
65%
广南西路 梧州
65%
广南西路 柳州
65%
河东路 晋州
63%
秦凤路 兰州
63%
淮南东路 滁州
63%
淮南东路 通州
63%
福建路 建州
63%
成都府路 汉州
63%
梓州路 泸州
63%
广南西路 雷州
63%
广南西路 钦州
63%
京西北路 郑州
61%
河东路 太原府
61%
秦凤路 凤州
61%
江南东路 池州
61%
江南西路 抚州
61%
荆湖南路 郴州
61%
利州路 巴州
61%
京东东路 登州
60%
永兴军路 陕州
60%
江南西路 吉州
60%
荆湖北路 岳州
60%
成都府路 成都府
60%
广南东路 梅州
60%
广南西路 高州
60%
广南西路 贵州
60%
京东东路 沂州
58%
河北东路 大名府
58%
永兴军路 商州
58%
淮南东路 亳州
58%
荆湖南路 衡州
58%
利州路 利州
58%
京西南路 金州
56%
京西北路 汝州
56%
淮南东路 楚州
56%
江南东路 宣州
56%
广南东路 韶州
56%
京西北路 河南府
55%
京西北路 陈州
55%
永兴军路 庆州
55%
两浙路 润州
55%
江南东路 信州
55%
荆湖南路 潭州
55%
荆湖南路 邵州
55%
广南东路 连州
55%
广南西路 宜州
55%
京西南路 邓州
53%
河东路 忻州
53%
淮南西路 和州
53%
成都府路 嘉州
53%
利州路 兴州
53%
夔州路 夔州
53%
河北西路 赵州
52%
两浙路 处州
52%
淮南西路 光州
52%
江南西路 洪州
52%
荆湖北路 鄂州
52%
夔州路 万州
52%
广南西路 琼州
52%
京东东路 齐州
50%
河北东路 冀州
50%
两浙路 婺州
50%
福建路 汀州
50%
梓州路 梓州
50%
两浙路 秀州
48%
淮南东路 真州
48%
广南西路 邕州
48%
京西北路 颍州
47%
河北西路 卫州
47%
永兴军路 延安府
47%
江南东路 江宁府
47%
江南西路 袁州
47%
京东东路 密州
45%
京东东路 淄州
45%
京西北路 蔡州
45%
河东路 丰州
45%
河东路 代州
45%
淮南东路 泗州
45%
江南东路 饶州
45%
利州路 龙州
45%
广南东路 康州
45%
京东西路 应天府
44%
京西南路 随州
44%
河北东路 滨州
44%
河北西路 邢州
44%
永兴军路 京兆府
44%
淮南西路 寿州
44%
广南东路 新州
44%
河北西路 怀州
42%
河东路 泽州
42%
永兴军路 华州
42%
秦凤路 原州
42%
江南东路 歙州
42%
成都府路 眉州
42%
成都府路 绵州
42%
梓州路 资州
42%
广南西路 化州
42%
广南西路 廉州
42%
京西南路 唐州
40%
河北东路 博州
40%
河北东路 恩州
40%
秦凤路 陇州
40%
淮南西路 舒州
40%
成都府路 茂州
40%
夔州路 黔州
40%
成都府路 蜀州
39%
梓州路 合州
39%
夔州路 播州
39%
京东东路 潍州
37%
京西南路 房州
37%
河东路 辽州
37%
永兴军路 同州
37%
江南东路 太平州
37%
江南东路 广德军
37%
夔州路 施州
37%
京东西路 濮州
35%
河北东路 清州
35%
河北东路 雄州
35%
河北西路 保州
35%
河东路 汾州
35%
秦凤路 会州
35%
江南西路 虔州
35%
荆湖北路 归州
35%
荆湖南路 道州
35%
成都府路 雅州
35%
利州路 文州
35%
夔州路 达州
35%
夔州路 恭州
35%
夔州路 涪州
35%
广南东路 端州
35%
河东路 石州
34%
秦凤路 西宁州
34%
荆湖北路 靖州
34%
广南东路 封州
34%
京东西路 郓州
32%
河北东路 霸州
32%
永兴军路 虢州
32%
秦凤路 凤翔府
32%
秦凤路 渭州
32%
秦凤路 湟州
32%
荆湖北路 峡州
32%
梓州路 昌州
32%
利州路 三泉县(直属京师)
32%
广南东路 英州
32%
广南东路 南雄州
32%
京西北路 滑州
31%
河北东路 河间府
31%
河北西路 深州
31%
永兴军路 鄜州
31%
荆湖北路 辰州
31%
荆湖北路 汉阳军
31%
荆湖南路 全州
31%
成都府路 威州
31%
梓州路 荣州
31%
梓州路 遂州
31%
利州路 剑州
31%
广南西路 郁林州
31%
广南西路 容州
31%
广南西路 宾州
31%
京西南路 均州
29%
秦凤路 阶州
29%
两浙路 睦州
29%
荆湖北路 沅州
29%
福建路 兴化军
29%
成都府路 彭州
29%
广南东路 循州
29%
京西南路 郢州
27%
河北东路 莫州
27%
河东路 绛州
27%
永兴军路 河中府
27%
永兴军路 环州
27%
淮南东路 高邮军
27%
淮南西路 无为军
27%
荆湖北路 荆门军
27%
福建路 邵武军
27%
成都府路 黎州
27%
夔州路 忠州
27%
京东西路 单州
26%
京西北路 孟州
26%
河北西路 真定府
26%
河东路 隰州
26%
秦凤路 岷州
26%
秦凤路 西安州
26%
江南西路 南安军
26%
荆湖北路 江陵府
26%
荆湖北路 澧州
26%
福建路 南剑州
26%
河北西路 磁州
24%
河东路 岚州
24%
河东路 火山军
24%
永兴军路 邠州
24%
秦凤路 洮州
24%
秦凤路 泾州
24%
秦凤路 熙州
24%
淮南西路 蕲州
24%
成都府路 邛州
24%
京西北路 信阳军
23%
河北东路 棣州
23%
河北东路 保定军
23%
河东路 慈州
23%
河东路 府州
23%
永兴军路 耀州
23%
永兴军路 解州
23%
江南东路 南康军
23%
利州路 阆州
23%
利州路 洋州
23%
夔州路 思州
23%
河北西路 相州
21%
河东路 麟州
21%
永兴军路 坊州
21%
永兴军路 丹州
21%
秦凤路 巩州
21%
淮南西路 濠州
21%
荆湖南路 桂阳监
21%
成都府路 简州
21%
梓州路 戎州
21%
梓州路 果州
21%
利州路 兴元府
21%
广南西路 象州
21%
河东路 隆德府
19%
江南西路 筠州
19%
荆湖北路 鼎州
19%
荆湖北路 复州
19%
荆湖南路 武冈军
19%
梓州路 渠州
19%
京东东路 淮阳军
18%
河北西路 洺州
18%
河北西路 祁州
18%
河北西路 广信军
18%
河东路 宪州
18%
河东路 平定军
18%
河东路 保德军
18%
江南西路 临江军
18%
梓州路 广安军
18%
夔州路 南平军
18%
广南西路 浔州
18%
京西北路 颍昌府
16%
秦凤路 积石军
16%
江南西路 兴国军
16%
梓州路 普州
16%
夔州路 承州
16%
夔州路 遵义军
16%
广南东路 南恩州
16%
广南西路 横州
16%
广南西路 藤州
16%
广南西路 昭州
16%
广南西路 融州
16%
广南西路 朱崖军
16%
广南西路 万安军
16%
京东西路 兴仁府
15%
河东路 岢岚军
15%
永兴军路 绥德军
15%
江南西路 建昌军
15%
夔州路 珍州
15%
京西南路 光化军
13%
河北西路 永宁军
13%
秦凤路 廓州
13%
梓州路 祥州
13%
梓州路 纯州
13%
利州路 蓬州
13%
永兴军路 定边军
11%
淮南东路 涟水军
11%
广南西路 观州
11%
河东路 威胜军
10%
河东路 晋宁军
10%
永兴军路 保安军
10%
梓州路 富顺监
10%
夔州路 溱州
10%
夔州路 梁山军
10%
广南西路 昌化军
10%
京东西路 广济军
8%
河北东路 开德府
8%
河北东路 信安军
8%
河北东路 永静军
8%
河北西路 安肃军
8%
河北西路 顺安军
8%
河东路 宁化军
8%
秦凤路 德顺军
8%
成都府路 永康军
8%
成都府路 陵井监
8%
梓州路 怀安军
8%
夔州路 云安军
8%
夔州路 大宁监
8%
河北西路 安利军
6%
秦凤路 镇戎军
6%
秦凤路 怀德军
6%
梓州路 滋州
6%
No matching quizzes found
Score Distribution
Percent of People with Each Score
Percentile by Number Answered
Your Score History
You have not taken this quiz